000
00326nam a2200169Ia 4500
100
_a
Rao/Nageswara R
650
_a
Python
942
_c
BK
366
_f
20
654
_a
python
245
_a
Core python programming
260
_b
Dreamtech
_c
2017
082
_b
RAO
300
_a
715
546
_a
ENGLISH
999
_c
25847
_d
25847